Cleveland Cavaliers All-NBA Players - Statistics

General Stats
  • This quiz has been taken 641 times
    320 since last reset
  • The average score is 5 of 6
Answer Stats
Player % Correct
LeBron James
100%
Donovan Mitchell
98%
Kyrie Irving
97%
Evan Mobley
88%
Mark Price
77%
Brad Daugherty
51%
No matching quizzes found
Score Distribution
Percent of People with Each Score
Percentile by Number Answered
Your Score History
You have not taken this quiz since the last reset